Marketing led, sales driven.
| Main Author: | |
|---|---|
| Format: | Book |
| Published: |
Jordan Hill:
Butterworth-Heinemann,
1993.
|
| Subjects: |
| LEADER | 00420cam a2200157 7i4500 | ||
|---|---|---|---|
| 001 | 0000004190 | ||
| 005 | 19991025090000.0 | ||
| 002 | ##000005649 | ||
| 020 | 0 | 0 | |a 0-7506-0148-5 |
| 090 | 0 | 0 | |a B 658.8 |b STE |
| 100 | 1 | 0 | |a Steward |
| 245 | 1 | 0 | |a Marketing led, sales driven. |
| 260 | 0 | 0 | |a Jordan Hill: |b Butterworth-Heinemann, |c 1993. |
| 300 | 0 | 0 | |a 321 p.. |
| 650 | 0 | 0 | |a Marketing |
| 999 | |a 0000006378 |b Book |c Open shelf |e Business Information Centre | ||


